Environmental management and planning perspective : a case of tropical forest in Malaysia /
محفوظ في:
| المؤلف الرئيسي: | |
|---|---|
| التنسيق: | أطروحة كتاب |
| اللغة: | English |
| منشور في: |
1998.
|
| الموضوعات: | |
| الوسوم: |
إضافة وسم
لا توجد وسوم, كن أول من يضع وسما على هذه التسجيلة!
|
| LEADER | 00911cam a2200241 a 4500 | ||
|---|---|---|---|
| 001 | u433464 | ||
| 003 | SIRSI | ||
| 008 | 910522s1998 my a v 00010 eng m | ||
| 035 | |a ACG-3530 | ||
| 040 | |a UMM | ||
| 043 | |a a-my--- | ||
| 090 | |a SD414 |b M4Wannaw | ||
| 100 | 0 | 0 | |a Wan Nor Azriyati Wan Abd. Aziz. |
| 245 | 1 | 0 | |a Environmental management and planning perspective : |b a case of tropical forest in Malaysia / |c Wan Nor Azriyati Wan Abd. Aziz. |
| 260 | |c 1998. | ||
| 300 | |a vii, 40 leaves [append.] : |b ill. ; |c 29 cm. | ||
| 502 | |a Dissertation (M.Env) -- Fakulti Sains dan Pengajian Persekitaran, Universiti Putra Malaysia, 1998. | ||
| 504 | |a Bibliography: leaves 39-40 | ||
| 650 | 0 | |a Rain forests |z Malaysia. | |
| 650 | 0 | |a Environmental management |z Malaysia. | |
| 948 | |a 24/12/1998 |b 29/03/2004 | ||
| 596 | |a 1 | ||
| 999 | |a SD414 M4WANNAW |w LC |c 1 |i A508313846 |d 3/4/2012 |e 3/4/2012 |l STACKS |m P01UTAMA |n 4 |r Y |s Y |t TESIS |u 31/5/1999 | ||
